Lecciones de matemáticas

Gespeichert in:
Bibliographische Detailangaben
1. Verfasser: Andrés Irueste, José
Format: Buch
Sprache:Spanisch
Erschienen: Granada : Imprenta de José López Guevara , 1890
Katalog:MANES:  Suchergebnis im Bibliothekskatalog
Schulbuchspezifische Eigenschaften:
Tags: Tag hinzufügen
Keine Tags, Fügen Sie den ersten Tag hinzu!
Hinzugefügt zu:02.06.1991
Geändert in:07.05.2025

MARC

LEADER 00000cam a2200000 i 4500
005 20250507134515.0
008 910603m1890uuuuesp f 000 0 spa d
040 |a uned  |b spa  |c entro-manes 
100 1 |a Andrés Irueste, José  |9 20095 
245 1 0 |a Lecciones de matemáticas  |c  / por Jose Andrés Irueste. 
260 |a Granada  |b  : Imprenta de José López Guevara  |c , 1890 
300 |a [1] v. 
505 1 |a Contiene:   |g Tomo I.   |t Aritmética 
546 |a España 
561 |5 es-BUNED  |3 L.T. 2819  |a España. Fondo Manes UNED  |k MANES 
690 0 |a MATE 
942 |2 ddc  |c BK 
999 |c 96029  |d 96029 
999 |c manes:96029  |d 96029